000
00287nam a22001337a 4500
008
171005b xxu||||| |||| 00| 0 eng d
020
_a
0025433504
041
_a
eng
080
_a
159.9
100
_a
49
101
_a
PSI
245
_a
BETWEEN TEENAGER
_c
GINOTT/H/G
942
_2
udc
_c
BK
999
_c
31987
_d
31987